Strategic planning for technology industries

Αποθηκεύτηκε σε:
Λεπτομέρειες βιβλιογραφικής εγγραφής
Κύριος συγγραφέας: Sherman, Philip M.
Μορφή: Βιβλίο
Γλώσσα:English
Δημοσίευση: Reading, MA : Addison-Wesley Pub. Co., c1982
Θέματα:
Ετικέτες: Προσθήκη ετικέτας
Δεν υπάρχουν, Καταχωρήστε ετικέτα πρώτοι!

MARC

LEADER 00000cam a2200000 i 4500
001 1/48803
008 940902s1982 eng d
020 |a 0201066645  |c $29.95 (est.) 
035 |l 10026731 
040 |a GR-MY-UA  |b gre  |e aacr 
041 0 |a eng 
082 0 |a 658.4012  |2 (19) 
100 1 |a Sherman, Philip M. 
245 1 0 |a Strategic planning for technology industries /  |c Philip M. Sherman 
246 3 3 |a Technology industries 
260 |a Reading, MA :   |b Addison-Wesley Pub. Co.,   |c c1982 
300 |a xiv, 305 p.;  |b ill.;  |c 25 cm. 
504 |a Includes bibliographical references and index 
650 0 0 |a Business planning. 
852 |a INST  |b CHIOS  |e 19940902  |h 658.4012 SHE  |p 005200004428  |q 005200004428  |t BK  |y 0 
909 |a Χ  |b 000044